| 000 | 00759cam a2200253 a 4500 | ||
|---|---|---|---|
| 001 | 13222556 | ||
| 005 | 20180130033432.0 | ||
| 008 | 030603s2003 mnu b 001 0 eng | ||
| 010 | _a 2003269885 | ||
| 020 | _a0314143912 | ||
| 040 |
_aDLC _cDLC _dDLC |
||
| 041 | _aeng | ||
| 043 | _an-us--- | ||
| 080 | _a174.30973 COC | ||
| 082 | 0 | 4 |
_a174.30973 COC _221 |
| 100 | 1 | _a14 | |
| 101 | _aJUR | ||
| 245 | 1 | 0 |
_aCases and materials on the legal profession / _cby Robert F. Cochran, Jr., Teresa S. Collett. |
| 246 | 1 | 8 | _aLegal profession |
| 504 | _aIncludes bibliographical references (p. vii-ix) and index. | ||
| 906 |
_a7 _bcbc _corigcop _d2 _encip _f20 _gy-gencatlg |
||
| 942 |
_2ddc _cBK |
||
| 999 |
_c41215 _d41215 |
||